000 00307nam a2200121Ia 4500
005 20251222141914.0
008 251222s9999||||xx |||||||||||||| ||spa||
082 _a362.292.86/B81
100 _aBravo Abad, Francisco
245 0 _aConsumo Moderado de Bebidas Alcohólicas:
264 _bInesiba
942 _cLIB
999 _c8480
_d8480